A-Countries First-Level Subdivisions - Alphabetical Order - Statistics

General Stats
  • This quiz has been taken 4 times
  • The average score is 106 of 278
Answer Stats
Country Subdivision % Correct
ALG Algiers
100%
AFG Kabul
100%
AUT Lower Austria
100%
AUS New South Wales
100%
AUS Queensland
100%
AUT Salzburg
100%
AUS Tasmania
100%
AUT Tyrol
100%
AUS Victoria
100%
AUT Vienna
100%
AUS Western Australia
100%
AND Andorra la Vella
67%
AUS Australian Capital Territory
67%
ARG Buenos Aires
67%
AUT Carinthia
67%
ALG Constantine
67%
ALB Durrës
67%
AFG Herat
67%
AFG Kandahar
67%
ANG Luanda
67%
AUS Northern Territory
67%
ALG Oran
67%
ANT Saint John
67%
ALB Shkodër
67%
AUS South Australia
67%
AUT Styria
67%
ARG Tierra del Fuego
67%
AUT Upper Austria
67%
ALB Vlorë
67%
AUT Vorarlberg
67%
AZE Absheron
33%
ALG Adrar
33%
AZE Agdash
33%
AZE Aghdam
33%
AZE Aghdara
33%
AZE Aghjabadi
33%
AZE Aghstafa
33%
AZE Agsu
33%
ALG Aïn Defla
33%
ALG Aïn Guezzam
33%
ALG Aïn Salah
33%
ALG Aïn Témouchent
33%
ALG Annaba
33%
ARM Aragatsotn
33%
ARM Ararat
33%
ARM Armavir
33%
AUS Ashmore and Cartier Islands
33%
AZE Astara
33%
AUS Australian Antarctic Territory
33%
ARG Autonomous City of Buenos Aires
33%
AZE Babek
33%
AFG Badakhshan
33%
AFG Badghis
33%
AFG Baghlan
33%
AZE Baku City
33%
AZE Balakan
33%
AFG Balkh
33%
AFG Bamyan
33%
ANT Barbuda
33%
AZE Barda
33%
ALG Batna
33%
ALG Béchar
33%
ALG Béjaïa
33%
ANG Bengo
33%
ANG Benguela
33%
ALG Béni Abbès
33%
ALB Berat
33%
AZE Beylagan
33%
ANG Bié
33%
AZE Bilasuvar
33%
ALG Biskra
33%
ALG Blida
33%
ALG Bordj Badji Mokhtar
33%
ALG Bordj Bou Arréridj
33%
ALG Bouïra
33%
ALG Boumerdès
33%
AUT Burgenland
33%
ANG Cabinda
33%
AND Canillo
33%
ARG Catamarca
33%
ARG Chaco
33%
ALG Chlef
33%
AUS Christmas Island
33%
ARG Chubut
33%
AUS Cocos (Keeling) Islands
33%
AUS Coral Sea Islands
33%
ARG Córdoba
33%
ARG Corrientes
33%
ANG Cuando
33%
ANG Cuanza Norte
33%
ANG Cuanza Sul
33%
ANG Cubango
33%
ANG Cunene
33%
AZE Dashkasan
33%
AFG Daykundi
33%
ALB Dibër
33%
ALG Djanet
33%
ALG Djelfa
33%
ALB Elbasan
33%
ALG El Bayadh
33%
ALG El Menia
33%
ALG El M'Ghair
33%
ALG El Oued
33%
ALG El Tarf
33%
AND Encamp
33%
ARG Entre Ríos
33%
AND Escaldes-Engordany
33%
AFG Farah
33%
AFG Faryab
33%
ALB Fier
33%
ARG Formosa
33%
AZE Fuzuli
33%
AZE Gadabay
33%
AZE Ganja City
33%
ARM Gegharkunik
33%
ALG Ghardaïa
33%
AFG Ghazni
33%
AFG Ghor
33%
ALB Gjirokastër
33%
AZE Gobustan
33%
AZE Goranboy
33%
AZE Goychay
33%
AZE Goygol
33%
ALG Guelma
33%
AZE Hajigabul
33%
AUS Heard Island and McDonald Islands
33%
AFG Helmand
33%
ANG Huambo
33%
ANG Huíla
33%
ANG Icolo e Bengo
33%
ALG Illizi
33%
AZE Imishli
33%
AZE Ismayilli
33%
AZE Jabrayil
33%
AZE Jalilabad
33%
AUS Jervis Bay
33%
ALG Jijel
33%
AFG Jowzjan
33%
ARG Jujuy
33%
AZE Julfa
33%
AZE Kalbajar
33%
AZE Kangarli
33%
AFG Kapisa
33%
AZE Khachmaz
33%
AZE Khankendi City
33%
ALG Khenchela
33%
AZE Khizi
33%
AZE Khojaly
33%
AZE Khojavend
33%
AFG Khost
33%
ALB Korçë
33%
ARM Kotayk
33%
ALB Kukës
33%
AFG Kunar
33%
AFG Kunduz
33%
AZE Kurdamir
33%
AZE Lachin
33%
AFG Laghman
33%
ALG Laghouat
33%
AND La Massana
33%
AZE Lankaran
33%
AZE Lankaran City
33%
ARG La Pampa
33%
ARG La Rioja
33%
AZE Lerik
33%
ALB Lezhë
33%
AFG Logar
33%
ARM Lori
33%
ANG Lunda Norte
33%
ANG Lunda Sul
33%
ANG Malanje
33%
AZE Masally
33%
ALG Mascara
33%
ALG Médéa
33%
ARG Mendoza
33%
ALG Mila
33%
AZE Mingachevir
33%
ARG Misiones
33%
ALG Mostaganem
33%
ANG Moxico
33%
ANG Moxico Leste
33%
ALG M'Sila
33%
ALG Naâma
33%
AZE Naftalan
33%
AZE Nakhchivan City
33%
ANG Namibe
33%
AFG Nangarhar
33%
AZE Neftchala
33%
ARG Neuquén
33%
AFG Nimruz
33%
AUS Norfolk Island
33%
AFG Nuristan
33%
AZE Oghuz
33%
AND Ordino
33%
AZE Ordubad
33%
ALG Ouargla
33%
ALG Ouled Djellal
33%
ALG Oum El Bouaghi
33%
AFG Paktia
33%
AFG Paktika
33%
AFG Panjshir
33%
AFG Parwan
33%
AZE Qabala
33%
AZE Qakh
33%
AZE Qazax
33%
AZE Quba
33%
AZE Qubadli
33%
AZE Qusar
33%
ANT Redonda
33%
ALG Relizane
33%
ARG Rio Negro
33%
AZE Saatly
33%
AZE Sabirabad
33%
AZE Sadarak
33%
ALG Saïda
33%
ANT Saint George
33%
ANT Saint Mary
33%
ANT Saint Paul
33%
ANT Saint Peter
33%
ANT Saint Philip
33%
ARG Salta
33%
AZE Salyan
33%
AFG Samangan
33%
AZE Samukh
33%
ARG San Juan
33%
ARG San Luis
33%
ARG Santa Cruz
33%
ARG Santa Fe
33%
ARG Santiago del Estero
33%
AND Sant Julià de Lòria
33%
AFG Sar-e Pol
33%
ALG Sétif
33%
AZE Shabran
33%
AZE Shahbuz
33%
AZE Shaki
33%
AZE Shaki City
33%
AZE Shamkir
33%
AZE Sharur
33%
ARM Shirak
33%
AZE Shusha
33%
ALG Sidi Bel Abbès
33%
AZE Şirvan
33%
AZE Siyazan
33%
ALG Skikda
33%
ALG Souk Ahras
33%
AZE Sumgait
33%
ARM Syunik
33%
AFG Takhar
33%
ALG Tamanrasset
33%
AZE Tartar
33%
ARM Tavush
33%
ALG Tébessa
33%
ALG Tiaret
33%
ALG Timimoun
33%
ALG Tindouf
33%
ALG Tipaza
33%
ALB Tiranë
33%
ALG Tissemsilt
33%
ALG Tizi Ouzou
33%
ALG Tlemcen
33%
ALG Touggourt
33%
AZE Tovuz
33%
ARG Tucumán
33%
ANG Uíge
33%
AZE Ujar
33%
AFG Uruzgan
33%
ARM Vayots Dzor
33%
AFG Wardak
33%
AZE Yardimli
33%
ARM Yerevan City
33%
AZE Yevlakh
33%
AZE Yevlakh City
33%
AFG Zabul
33%
AZE Zagatala
33%
ANG Zaire
33%
AZE Zangilan
33%
AZE Zardab
33%
AZE Shamaki
0%
No matching quizzes found
Score Distribution
Percent of People with Each Score
Percentile by Number Answered
Your Score History
You have not taken this quiz